Guus Meeuwis - Statistieken

Algemene statistieken
  • Deze quiz is 74 keer genomen
  • De gemiddelde score is 128 van 164
Antwoordstatistieken
Antwoord % Correct
Brabant
97%
ik
97%
Een
94%
een
94%
alleen
92%
de
92%
G
92%
van
92%
in
89%
loop
89%
brandt
86%
het
86%
hier
86%
licht
86%
nog
86%
stad
86%
stille
86%
te
86%
daar
83%
denk
83%
en
83%
is
83%
men
83%
na
83%
nooit
83%
want
83%
aan
81%
dan
81%
eigenlijk
81%
gehad
81%
heimwee
81%
kroeg
81%
last
81%
maar
81%
mensen
81%
naar
81%
om
81%
hotel
78%
nacht
78%
zachte
78%
ze
78%
zo
78%
als
75%
diep
75%
gelukkig
75%
donkere
75%
er
75%
heb
75%
huissleutel
75%
ijskoud
75%
mijn
75%
mis
75%
slapen
75%
staat
75%
voel
75%
zak
75%
zijn
75%
begint
72%
dag
72%
dicht
72%
droog
72%
gaat
72%
kraag
72%
met
72%
muts
72%
omhoog
72%
op
72%
stug
72%
vroeg
72%
wel
72%
zeiken
72%
hoofd
69%
niets
69%
wereld
69%
zelfs
69%
alles
67%
dagen
67%
dorpscafe
67%
kort
67%
trots
67%
was
67%
aanspraak
64%
Fries
64%
hou
64%
dat
61%
jij
61%
jou
61%
warmte
61%
zuiden
58%
ben
53%
samen
53%
Brabanders
50%
zon
50%
woon
47%
mooiste
44%
daarom
42%
vol
42%
Peel
36%
Kempen
33%
Meijerij
17%
Geen overeenkomende quizzen gevonden
Scoreverdeling
Procent van Mensen met Elke Score
Percentiel versus Aantal Correcte Antwoorden
Uw Scoregeschiedenis
U heeft deze quiz nog niet genomen